| 000 | 02619nam a2200541 c 4500 | ||
|---|---|---|---|
| 003 | BLK | ||
| 005 | 20241216105235.0 | ||
| 008 | 180411b bul|||||r ||||||| ||bul|| | ||
| 010 | _aKNG00199432000 | ||
| 020 |
_a978-619-7080-14-8 _bиздат.: Еуниката |
||
| 040 | _aBLK | ||
| 041 |
_aBUL _cBUL |
||
| 072 | 7 |
_2bullib _aН32 _xПолитика Н |
|
| 080 |
_aПолитика. Вж и 341 ; 342 _b32 _x(73) _z32(73) |
||
| 080 |
_aИзбори. - Плебисцити. Народно гласуване. Референдуми. Изборна борба. Резултати от избори. Вж и 342. 8 _b324 _x(73) _z324(73) |
||
| 080 |
_aПолитика. Вж и 341 ; 342 _b32 _x(73)(092) _z32(73)(092) |
||
| 080 |
_aИкономическо положение. Икономическа политика. Управление. Планиране. Производство. Услуги. Цени _b338 _x(73)(092) _z338(73)(092) |
||
| 080 |
_aАмерикански милиардер, предприемач _b929 Тръмп, Доналд Дж. _x _z929 Тръмп, Доналд Дж. |
||
| 100 | 1 |
_aТръмп, Доналд Дж. _eпърви автор _9368202 |
|
| 700 |
_aКенов, Тодор Кенов _9363938 |
||
| 139 |
_aТръмп, Доналд Дж. _bТ 87 |
||
| 245 | 1 | 0 |
_aВелика отново _bКак да излекуваме нашата осакатена Америка _cДоналд Дж. Тръмп; прев. Тодор Кенов Кенов. |
| 257 | _aUSA | ||
| 260 |
_аСофия _bЕуниката _c2017 _fСофия : Монт |
||
| 300 |
_a224 с., 8 л. _bсъс сн. _c20 см |
||
| 380 | _a3 | ||
| 490 | 1 | _aПоредица Политика | |
| 500 | _aОриг. загл. Great Again : How to Fix Our Crippeled America / Donald Trump. - За автора. | ||
| 600 | 1 | 4 |
_aТръмп, Доналд Дж. _9368202 |
| 650 | 4 |
_aСАЩ - политика _9243742 |
|
| 650 | 4 |
_aТръмп, Доналд Дж. _9368202 |
|
| 650 | 4 |
_aПрезиденти - САЩ _9247820 |
|
| 650 | 4 |
_aПредприемачество - биографии _9265780 |
|
| 651 | 4 |
_aСАЩ _9179493 |
|
| 653 | _aполитика | ||
| 653 | _aДоналд Тръмп | ||
| 653 | _aполитици | ||
| 653 | _aпрезиденти | ||
| 653 | _aпредприемачи | ||
| 653 | _aизбори | ||
| 659 | _aН | ||
| 852 | _aЦб 284130 | ||
| 856 | 4 |
_qpdf _u |
|
| 856 | 4 |
_qpdf _u |
|
| 942 |
_cKNG _n0 _06 |
||
| 944 |
_aCR _c27.01.2017 _lМартин Енчев _k30575 |
||
| 944 |
_aED _c01.02.2017 _lф / _kЛюдмила_Стоянова |
||
| 999 |
_c190297 _d190297 |
||